<?xml version="1.0" encoding="UTF-8"?>
<record
    xmlns:xsi="http://www.w3.org/2001/XMLSchema-instance"
    xsi:schemaLocation="http://www.loc.gov/MARC21/slim http://www.loc.gov/standards/marcxml/schema/MARC21slim.xsd"
    xmlns="http://www.loc.gov/MARC21/slim">

  <leader>00512nam a22001577a 4500</leader>
  <controlfield tag="005">20180825130237.0</controlfield>
  <controlfield tag="008">120201t        xxu||||| |||| 00| 0 eng d</controlfield>
  <datafield tag="020" ind1=" " ind2=" ">
    <subfield code="a">8176297364</subfield>
    <subfield code="c">480.00</subfield>
  </datafield>
  <datafield tag="035" ind1=" " ind2=" ">
    <subfield code="a">B-159135, B-159134, B-159137</subfield>
  </datafield>
  <datafield tag="040" ind1=" " ind2=" ">
    <subfield code="a">DPL</subfield>
    <subfield code="b">ENG</subfield>
  </datafield>
  <datafield tag="100" ind1=" " ind2=" ">
    <subfield code="a">Sengupta, Jyotsna</subfield>
    <subfield code="9">40544</subfield>
  </datafield>
  <datafield tag="245" ind1=" " ind2=" ">
    <subfield code="a">Interconnection networks for parallel processing /</subfield>
    <subfield code="c">by Jyotsna Sengupta</subfield>
  </datafield>
  <datafield tag="260" ind1=" " ind2=" ">
    <subfield code="a">New Delhi</subfield>
    <subfield code="b">Nutech Books</subfield>
    <subfield code="c">2005</subfield>
  </datafield>
  <datafield tag="300" ind1=" " ind2=" ">
    <subfield code="a">xvii, 137p.</subfield>
    <subfield code="c">22 cms.</subfield>
  </datafield>
  <datafield tag="942" ind1=" " ind2=" ">
    <subfield code="2">ddc</subfield>
    <subfield code="c">EN</subfield>
    <subfield code="h">004.35</subfield>
    <subfield code="m">SEN</subfield>
  </datafield>
  <datafield tag="999" ind1=" " ind2=" ">
    <subfield code="c">61764</subfield>
    <subfield code="d">61764</subfield>
  </datafield>
  <datafield tag="952" ind1=" " ind2=" ">
    <subfield code="0">0</subfield>
    <subfield code="1">0</subfield>
    <subfield code="2">ddc</subfield>
    <subfield code="4">0</subfield>
    <subfield code="7">0</subfield>
    <subfield code="8">NFIC</subfield>
    <subfield code="a">ZLS</subfield>
    <subfield code="b">ZLS</subfield>
    <subfield code="c">GEN</subfield>
    <subfield code="d">2012-02-01</subfield>
    <subfield code="g">480.00</subfield>
    <subfield code="l">0</subfield>
    <subfield code="o">004.35 SEN</subfield>
    <subfield code="p">B-159135</subfield>
    <subfield code="r">2012-02-01 00:00:00</subfield>
    <subfield code="v">480.00</subfield>
    <subfield code="w">2012-02-01</subfield>
    <subfield code="y">EN</subfield>
  </datafield>
  <datafield tag="952" ind1=" " ind2=" ">
    <subfield code="0">0</subfield>
    <subfield code="1">0</subfield>
    <subfield code="2">ddc</subfield>
    <subfield code="4">0</subfield>
    <subfield code="7">0</subfield>
    <subfield code="8">NFIC</subfield>
    <subfield code="a">BL1</subfield>
    <subfield code="b">BL1</subfield>
    <subfield code="d">2018-07-31</subfield>
    <subfield code="e">BPPD/PUB</subfield>
    <subfield code="g">480.00</subfield>
    <subfield code="l">0</subfield>
    <subfield code="o">004.35 SEN</subfield>
    <subfield code="p"> B-159134</subfield>
    <subfield code="r">2018-07-31 00:00:00</subfield>
    <subfield code="v">480.00</subfield>
    <subfield code="w">2018-07-31</subfield>
    <subfield code="y">EN</subfield>
  </datafield>
  <datafield tag="952" ind1=" " ind2=" ">
    <subfield code="0">0</subfield>
    <subfield code="1">0</subfield>
    <subfield code="2">ddc</subfield>
    <subfield code="4">0</subfield>
    <subfield code="7">0</subfield>
    <subfield code="8">NFIC</subfield>
    <subfield code="a">BL4</subfield>
    <subfield code="b">BL4</subfield>
    <subfield code="d">2018-08-25</subfield>
    <subfield code="e">BPPD/PUB</subfield>
    <subfield code="g">0.00</subfield>
    <subfield code="l">0</subfield>
    <subfield code="o">004.35 SEN</subfield>
    <subfield code="p">B-159137</subfield>
    <subfield code="r">2018-08-25 00:00:00</subfield>
    <subfield code="v">0.00</subfield>
    <subfield code="w">2018-08-25</subfield>
    <subfield code="y">EN</subfield>
  </datafield>
</record>
